[Event "BL 0809 USV TU Dresden - Solinger SG"]
[Site "?"]
[Date "2009.03.01"]
[Round "13.3"]
[White "Werle, Jan"]
[Black "Gauglitz, Gernot"]
[Result "1-0"]
[BlackElo "2397"]
[EventDate "2009.??.??"]
[PlyCount "67"]
[WhiteElo "2582"]

1. d4 Nf6 2. c4 g6 3. Nc3 d5 4. Bf4 Bg7 5. e3 O-O 6. Rc1 dxc4 7. Bxc4 c5 8. dxc5 Qa5 9. Ne2 Qxc5 10. Qb3 Qa5 11. O-O Nc6 12. Rfd1 Qh5 13. Qa4 a6 14. Bg3 e5 15. Rd6 Bd7 16. Qd1 Rad8 17. a3 g5 18. Rc2 Bf5 19. Rcd2 Rc8 20. Bd3 Bxd3 21. R2xd3 g4 22. e4 Kh8 23. Kh1 b5 24. f4 gxf3 25. Rxf3 Ng4 26. Rf5 Qxf5 27. exf5 Ne3 28. Qd3 Nc4 29. f6 Bh6 30. Rd7 Rcd8 31. b3 e4 32. Nxe4 N4e5 33. Bxe5 Nxe5 34. Rxd8  1-0

[Event "BL 0809 Turm Emsdetten - SC Eppingen"]
[Site "?"]
[Date "2009.03.01"]
[Round "13.3"]
[White "Gyimesi, Zoltan"]
[Black "Spoelman, Wouter"]
[Result "1-0"]
[BlackElo "2459"]
[EventDate "2009.??.??"]
[PlyCount "165"]
[WhiteElo "2592"]

1. d4 Nf6 2. c4 e6 3. Nc3 Bb4 4. e3 b6 5. Ne2 c5 6. a3 Ba5 7. Rb1 Na6 8. Ng3 Bb7 9. Bd3 cxd4 10. exd4 Bxc3+ 11. bxc3 O-O 12. O-O Nb8 13. a4 Nc6 14. Nh5 Nxh5 15. Qxh5 f5 16. Re1 Ba6 17. Re3 Qe8 18. Qe2 Qf7 19. Ba3 Rfc8 20. Bd6 Na5 21. c5 Bxd3 22. Qxd3 Kh8 23. Rg3 Rg8 24. cxb6 axb6 25. Rxb6 Nc6 26. Qd1 Ra5 27. Rb5 Ra6 28. c4 Rga8 29. d5 exd5 30. cxd5 Ne7 31. Bxe7 Qxe7 32. Rgb3 h6 33. Rb8+ Rxb8 34. Rxb8+ Kh7 35. Rb1 Qe4 36. Ra1 Ra5 37. d6 Qb4 38. g3 Kg6 39. h4 Ra6 40. h5+ Kg5 41. Qe2 Qxd6 42. a5 Qe6 43. Qd1 f4 44. gxf4+ Kf6 45. Ra3 Qc4 46. Re3 Re6 47. Qxd7 Rxe3 48. fxe3 Qe2 49. Qc6+ Kf7 50. Qd5+ Kf6 51. Qe4 Kf7 52. Qd5+ Kf6 53. Qe5+ Kf7 54. Qc3 Kf8 55. Qc8+ Kf7 56. Qb7+ Kf6 57. Qc6+ Kf7 58. Qc3 Kf8 59. Qc8+ Kf7 60. Qf5+ Ke7 61. Qe4+ Kf7 62. Qe5 Kf8 63. Qd6+ Kf7 64. Qc5 Ke8 65. f5 Kf7 66. Qd5+ Kf6 67. Qd4+ Kxf5 68. Qd5+ Kf6 69. Qg2 Qxh5 70. a6 Qa5 71. Qc6+ Ke5 72. Kf1 Qa1+ 73. Ke2 Qa2+ 74. Kd3 Qb1+ 75. Kc4 Qa2+ 76. Kb4 h5 77. Qc5+ Kf6 78. a7 Qb2+ 79. Ka5 Qa2+ 80. Kb6 Qb3+ 81. Kc6 Qa4+ 82. Kb7 Qd7+ 83. Qc7  1-0

[Event "BL 0809 SC Remagen - TV Tegernsee"]
[Site "?"]
[Date "2009.03.28"]
[Round "14.5"]
[White "Teske, Henrik"]
[Black "Popovic, Petar"]
[Result "1/2-1/2"]
[BlackElo "2489"]
[EventDate "2009.??.??"]
[PlyCount "49"]
[WhiteElo "2513"]

1. d4 Nf6 2. Nf3 g6 3. Nc3 d5 4. Bf4 c6 5. e3 Bg4 6. h3 Bxf3 7. Qxf3 Bg7 8. g4 Nbd7 9. O-O-O Qa5 10. h4 h5 11. g5 Ne4 12. Nxe4 dxe4 13. Qxe4 Qxa2 14. Bd3 Nb6 15. Bd6 e6 16. Qf4 Nd5 17. Qg3 Rd8 18. c3 Nb6 19. Kc2 Nc4 20. Bxc4 Qxc4 21. Bc5 b6 22. Ba3 Bf8 23. Ra1 Bxa3 24. Rxa3 a5 25. Rd1  1/2-1/2

[Event "BL 0809 Werder Bremen - Schachfr. Berli"]
[Site "?"]
[Date "2009.03.28"]
[Round "14.8"]
[White "Skripchenko-Lautier, Almira"]
[Black "Thinius, Marco"]
[Result "1/2-1/2"]
[BlackElo "2421"]
[EventDate "2009.??.??"]
[PlyCount "59"]
[WhiteElo "2455"]

1. e4 e6 2. d4 d5 3. Nc3 Bb4 4. exd5 exd5 5. Bd3 Nc6 6. a3 Bxc3+ 7. bxc3 Nf6 8. Ne2 O-O 9. O-O Na5 10. Ng3 Bg4 11. f3 Bd7 12. Bf4 Re8 13. Qc1 Re6 14. Bf5 Rc6 15. Re1 Nc4 16. Bg5 h6 17. Bh4 Kh8 18. Bd3 g5 19. Bxg5 hxg5 20. Qxg5 Qf8 21. Nh5 Nxh5 22. Qxh5+ Rh6 23. Qxd5 Nb6 24. Qe5+ f6 25. Qf4 Nd5 26. Qd2 Rh4 27. Re4 Qh6 28. Qxh6+ Rxh6 29. c4 f5 30. Re5  1/2-1/2

[Event "BL 0809 Turm Emsdetten - Hamburger SK"]
[Site "?"]
[Date "2009.03.28"]
[Round "14.8"]
[White "Richter, Christian"]
[Black "Sebastian, Dirk"]
[Result "1/2-1/2"]
[BlackElo "2432"]
[EventDate "2009.??.??"]
[PlyCount "31"]
[WhiteElo "2403"]

1. d4 d6 2. Nf3 g6 3. g3 Bg7 4. Bg2 Nd7 5. c4 e5 6. Nc3 Ne7 7. O-O O-O 8. e4 exd4 9. Nxd4 Nc6 10. Nde2 a5 11. Be3 Nde5 12. b3 a4 13. Qd2 Bh3 14. Rab1 axb3 15. axb3 Qd7 16. f3  1/2-1/2

[Event "BL 0809 SC Eppingen - SV Wattenscheid"]
[Site "?"]
[Date "2009.03.28"]
[Round "14.6"]
[White "Acs, Peter"]
[Black "Tereick, Benjamin"]
[Result "1-0"]
[BlackElo "2356"]
[EventDate "2009.??.??"]
[PlyCount "99"]
[WhiteElo "2542"]

1. d4 e6 2. c4 Bb4+ 3. Nd2 b6 4. Nf3 Bb7 5. e3 Nf6 6. Bd3 O-O 7. O-O d5 8. a3 Bd6 9. b4 c5 10. cxd5 exd5 11. bxc5 bxc5 12. dxc5 Bxc5 13. Rb1 Bb6 14. Nb3 Ne4 15. Bb2 Nc6 16. Nbd4 Nxd4 17. Nxd4 Qg5 18. Nf3 Qe7 19. Nd4 Qg5 20. Qe1 Nc5 21. Bb5 Ba6 22. Nf3 Qe7 23. Qc3 f6 24. a4 Bxb5 25. axb5 Na4 26. Qb3 Nxb2 27. Qxd5+ Qf7 28. Qxf7+ Kxf7 29. Rxb2 Rfd8 30. Rfb1 Rac8 31. Kf1 Rc4 32. Ra2 Rd7 33. Ke2 Ke6 34. Nd2 Rc3 35. Rb4 f5 36. h4 Rdc7 37. Rbb2 g6 38. g3 h6 39. Nf3 Kf6 40. Rd2 Re7 41. Rac2 Rxc2 42. Rxc2 Re6 43. Kd3 g5 44. Rc8 Rd6+ 45. Kc4 Bd8 46. h5 Bb6 47. Rf8+ Ke6 48. Nd4+ Bxd4 49. exd4 a6 50. d5+  1-0

[Event "BL 0809 SV Mülheim Nord - SC Kreuzberg"]
[Site "?"]
[Date "2009.03.28"]
[Round "14.4"]
[White "Berelovich, Alexander"]
[Black "Schilow, Vladimir"]
[Result "1-0"]
[BlackElo "2410"]
[EventDate "2009.??.??"]
[PlyCount "67"]
[WhiteElo "2576"]

1. e4 e6 2. d4 d5 3. Nd2 dxe4 4. Nxe4 Nd7 5. Nf3 Ngf6 6. Nxf6+ Nxf6 7. Bd3 c5 8. dxc5 Bxc5 9. Qe2 O-O 10. Bg5 h6 11. Bd2 e5 12. O-O-O e4 13. Bxe4 Qe7 14. Rhe1 Qxe4 15. Qxe4 Nxe4 16. Rxe4 Bxf2 17. Bb4 Bf5 18. Re5 g6 19. Bxf8 Kxf8 20. Nd4 Bg4 21. Rd2 Bg1 22. h3 Bh2 23. Re1 Bd7 24. Kd1 Bc7 25. Rd3 Bb6 26. b3 Be8 27. c4 Rc8 28. Kc2 Bd8 29. Rf3 Bb6 30. Kc3 a5 31. Re5 h5 32. Rf6 Bd8 33. Ne6+ Ke7 34. Nxd8+  1-0

[Event "BL 0809 SV Mülheim Nord - SC Kreuzberg"]
[Site "?"]
[Date "2009.03.28"]
[Round "14.6"]
[White "Saltaev, Mihail"]
[Black "Paehtz, Elisabeth"]
[Result "1/2-1/2"]
[BlackElo "2471"]
[EventDate "2009.??.??"]
[PlyCount "91"]
[WhiteElo "2484"]

1. e4 e6 2. d4 d5 3. e5 c5 4. c3 Nc6 5. Nf3 Qb6 6. Be2 Nh6 7. Bxh6 gxh6 8. Qd2 Bd7 9. O-O Bg7 10. Na3 O-O 11. Nc2 cxd4 12. cxd4 f6 13. exf6 Rxf6 14. b4 a6 15. a4 Rff8 16. Rab1 Ne7 17. a5 Qd6 18. g3 Rac8 19. Ne3 Bb5 20. Bxb5 Rxf3 21. Be2 Rff8 22. b5 axb5 23. Rxb5 Rc7 24. Rfb1 Nc6 25. Rxb7 Nxd4 26. a6 Ra8 27. Kg2 Rxb7 28. axb7 Rb8 29. Bd3 Qc6 30. Qa2 h5 31. Qa7 Qc7 32. Ba6 Be5 33. f4 Nf5 34. Nxf5 Qc2+ 35. Qf2 Qxb1 36. Ne7+ Kf7 37. fxe5+ Kxe7 38. Qf6+ Kd7 39. Qf7+ Kc6 40. Qxe6+ Kc5 41. Qd6+ Kd4 42. Qxb8 Qe4+ 43. Kf2 Qe3+ 44. Kf1 Qf3+ 45. Kg1 Qe3+ 46. Kg2  1/2-1/2

[Event "BL 0809 SV Mülheim Nord - SC Kreuzberg"]
[Site "?"]
[Date "2009.03.28"]
[Round "14.7"]
[White "Kalinitschew, Sergey"]
[Black "Schebler, Gerhard"]
[Result "1/2-1/2"]
[BlackElo "2467"]
[EventDate "2009.??.??"]
[PlyCount "139"]
[WhiteElo "2492"]

1. d4 e6 2. c4 Bb4+ 3. Bd2 Bxd2+ 4. Qxd2 Nf6 5. Nc3 d5 6. e3 O-O 7. Nf3 Nbd7 8. cxd5 exd5 9. Bd3 Qe7 10. Qc2 c6 11. O-O Re8 12. Rab1 Nf8 13. b4 a6 14. a4 Bd7 15. b5 axb5 16. axb5 c5 17. dxc5 Qxc5 18. Rfc1 Rec8 19. Qd2 Qe7 20. Bf1 Be6 21. Nd4 N8d7 22. f3 Nb6 23. Nd1 Qa3 24. Rc2 Rxc2 25. Nxc2 Qc5 26. Nd4 Qd6 27. Rc1 Nfd7 28. Qc3 Rc8 29. Qb2 Nc4 30. Bxc4 dxc4 31. Nf2 Nb6 32. Ne4 Qe7 33. Qe2 Bd7 34. Nc3 Qe5 35. f4 Qc5 36. Qf3 Re8 37. Rd1 h6 38. h3 Bc8 39. Kh2 Qe7 40. e4 f6 41. Qg3 Qc7 42. f5 Qxg3+ 43. Kxg3 Kf7 44. Kf4 Rd8 45. g4 g6 46. fxg6+ Kxg6 47. Nf5 Rxd1 48. Nxd1 h5 49. Ne7+ Kf7 50. Nxc8 Nxc8 51. gxh5 Nd6 52. Nc3 Kg7 53. Ke3 Kh6 54. Kd4 Kxh5 55. Kd5 Nf7 56. Kxc4 f5 57. Kd5 fxe4 58. Nxe4 Kh4 59. Nc5 Nd8 60. b6 Kxh3 61. Kd6 Nf7+ 62. Ke6 Nd8+ 63. Kd7 Nc6 64. Kd6 Na5 65. Kd5 Kg4 66. Ne6 Kf5 67. Nc7 Kf6 68. Nb5 Ke7 69. Nd4 Kd7 70. Kc5  1/2-1/2

[Event "BL 0809 SF Katernberg - USV TU Dresden"]
[Site "?"]
[Date "2009.03.28"]
[Round "14.7"]
[White "Wegener, Dirk"]
[Black "Souleidis, Georgios"]
[Result "0-1"]
[BlackElo "2440"]
[EventDate "2009.??.??"]
[PlyCount "80"]
[WhiteElo "2353"]

1. e4 c5 2. Nf3 Nc6 3. d4 cxd4 4. Nxd4 Qb6 5. Nb3 Nf6 6. Nc3 e6 7. Bd3 a6 8. O-O d6 9. Be3 Qc7 10. f4 Be7 11. Qf3 O-O 12. Rae1 b5 13. Kh1 Bb7 14. Qh3 Nb4 15. Bd4 e5 16. fxe5 dxe5 17. Qg3 Nxd3 18. cxd3 Nd7 19. Be3 Qd8 20. Bh6 g6 21. Bxf8 Bh4 22. Qf3 Qxf8 23. Re2 Re8 24. Qe3 Qd6 25. Qh3 Bd8 26. Nd1 Nf6 27. Ref2 Rf8 28. Ne3 Be7 29. Rc1 Re8 30. Na5 Ba8 31. Rc8 Rd8 32. Nf1 Qb6 33. Rxf6 Qxf6 34. Ne3 Kg7 35. Rc1 Qb6 36. Nb3 Bg5 37. Nc5 b4 38. Rc2 Bxe4 39. dxe4 Bxe3 40. Nd7 Qd4  0-1

[Event "BL 0809 TV Tegernsee - SG Turm Trier"]
[Site "?"]
[Date "2009.03.29"]
[Round "15.4"]
[White "Bischoff, Klaus"]
[Black "Seger, Ruediger"]
[Result "1/2-1/2"]
[BlackElo "2394"]
[EventDate "2009.??.??"]
[PlyCount "130"]
[WhiteElo "2545"]

1. c4 Nf6 2. Nc3 d5 3. cxd5 Nxd5 4. g3 g6 5. Bg2 Nxc3 6. bxc3 Bg7 7. Rb1 Nc6 8. Qc2 O-O 9. d3 Qd7 10. Nf3 b6 11. O-O Bb7 12. Bd2 e5 13. Rfd1 Rfe8 14. Qa4 Rad8 15. Ng5 Ba8 16. Ne4 Qe7 17. Bg5 f6 18. Bd2 h6 19. g4 Kh8 20. Ng3 Qd7 21. Be4 Ne7 22. Qxd7 Rxd7 23. f3 Bd5 24. Bxd5 Rxd5 25. c4 Rd7 26. a4 Nc6 27. Kg2 Bf8 28. h4 Kg8 29. h5 g5 30. Be3 Kf7 31. Rdc1 Re6 32. Rb5 Nb4 33. Bd2 Nc6 34. a5 Ke8 35. axb6 cxb6 36. Be3 Nd8 37. Ra1 Rc6 38. Ne4 Be7 39. Ra6 Ne6 40. Rb2 Kf7 41. Rba2 Rcc7 42. Kf2 Rb7 43. Rb2 Rbc7 44. Rba2 Rb7 45. Ra1 Bf8 46. Kf1 Be7 47. Bf2 Bb4 48. Rb1 Be7 49. Ra2 Rbc7 50. Rb5 Rb7 51. Ng3 Ng7 52. Rb3 Rbc7 53. e3 Ne6 54. Ke2 Nc5 55. Rc3 Bf8 56. Nf5 Ne6 57. Rcc2 Rc8 58. Rd2 Ke8 59. Rd1 Nc5 60. Rc2 Ne6 61. Rb1 Rdc7 62. Ra2 Rd7 63. Rc2 Rdc7 64. Ra2 Rd7 65. Rc2 Rdc7  1/2-1/2

[Event "BL 0809 TV Tegernsee - SG Turm Trier"]
[Site "?"]
[Date "2009.03.29"]
[Round "15.8"]
[White "Hertneck, Gerald"]
[Black "Korman, Maxim"]
[Result "1-0"]
[BlackElo "2151"]
[EventDate "2009.??.??"]
[PlyCount "85"]
[WhiteElo "2519"]

1. c4 e5 2. g3 Nc6 3. Bg2 g6 4. Nc3 Bg7 5. Rb1 d6 6. b4 Bf5 7. d3 Qd7 8. b5 Nd8 9. h3 h5 10. Nf3 Ne7 11. Ng5 Qc8 12. a4 f6 13. Nge4 O-O 14. Ba3 Qd7 15. c5 Nf7 16. Rc1 b6 17. cxd6 cxd6 18. Qb3 Be6 19. Qb4 Rad8 20. h4 Rfe8 21. Nd2 d5 22. Qb2 d4 23. Na2 Nd5 24. Nb4 Nc3 25. Bc6 Qc7 26. Ne4 f5 27. Nxc3 dxc3 28. Qxc3 e4 29. Qc2 exd3 30. Nxd3 Bd7 31. O-O Bxc6 32. Qxc6 Qxc6 33. bxc6 Rxe2 34. Nf4 Ra2 35. Nxg6 Rxa3 36. c7 Kh7 37. cxd8=Q Nxd8 38. Nf4 Be5 39. Rfd1 Bxf4 40. gxf4 Ne6 41. Rd7+ Kg6 42. Rc6 Kf6 43. Rxa7  1-0

[Event "BL 0809 Bayern München - SC Remagen"]
[Site "?"]
[Date "2009.03.29"]
[Round "15.5"]
[White "Popovic, Petar"]
[Black "Renner, Christoph"]
[Result "1/2-1/2"]
[BlackElo "2422"]
[EventDate "2009.??.??"]
[PlyCount "32"]
[WhiteElo "2489"]

1. e4 e5 2. Nf3 Nc6 3. Nc3 Nf6 4. Bb5 Bb4 5. O-O O-O 6. d3 d6 7. Ne2 Ne7 8. c3 Ba5 9. Ng3 Ng6 10. d4 c6 11. Ba4 h6 12. Bb3 Re8 13. h3 exd4 14. Nxd4 Bb6 15. Qc2 d5 16. exd5 Nxd5  1/2-1/2

[Event "BL 0809 SC Kreuzberg - SF Katernberg"]
[Site "?"]
[Date "2009.03.29"]
[Round "15.2"]
[White "Shengelia, Davit"]
[Black "Halkias, Stelios"]
[Result "1/2-1/2"]
[BlackElo "2584"]
[EventDate "2009.??.??"]
[PlyCount "30"]
[WhiteElo "2547"]

1. d4 Nf6 2. c4 e6 3. Nc3 Bb4 4. e3 O-O 5. Ne2 d5 6. a3 Bd6 7. Ng3 c6 8. Bd3 e5 9. dxe5 Bxe5 10. cxd5 cxd5 11. O-O Nc6 12. Nce2 Re8 13. Nd4 Qb6 14. Nxc6 bxc6 15. Rb1 c5  1/2-1/2

[Event "BL 0809 USV TU Dresden - SV Mülheim Nor"]
[Site "?"]
[Date "2009.03.29"]
[Round "15.4"]
[White "Hoffmann, Paul"]
[Black "Berelovich, Alexander"]
[Result "1/2-1/2"]
[BlackElo "2576"]
[EventDate "2009.??.??"]
[PlyCount "100"]
[WhiteElo "2338"]

1. e4 g6 2. d4 Bg7 3. Nf3 d6 4. h3 Nf6 5. Bd3 Nc6 6. c3 O-O 7. O-O e5 8. dxe5 Nxe5 9. Nxe5 dxe5 10. Be3 Nh5 11. Be2 Nf4 12. Bxf4 exf4 13. Qxd8 Rxd8 14. Rd1 Rxd1+ 15. Bxd1 Be6 16. Nd2 a5 17. Nf3 a4 18. a3 c5 19. Be2 h6 20. Rd1 Kf8 21. Rd2 Ke7 22. Kf1 Ra5 23. Ne1 b6 24. Bg4 Bc4+ 25. Be2 Bb3 26. Nd3 g5 27. Nc1 Be6 28. Bg4 Ra8 29. Bxe6 fxe6 30. Nd3 h5 31. f3 Rc8 32. Ke2 Rd8 33. Ne1 Rg8 34. Nd3 Bf6 35. Rd1 Rc8 36. Rd2 Rd8 37. Ne1 Rg8 38. Nd3 Rd8 39. Ne1 Rd6 40. Rxd6 Kxd6 41. Kd3 b5 42. Kc2 Bd8 43. Nd3 Bb6 44. Kd1 Ba7 45. Kd2 Bb6 46. Kd1 Bc7 47. Kd2 Kc6 48. Kd1 Bd6 49. Kc2 Kd7 50. Kd2 Kc6  1/2-1/2

[Event "BL 0910 Erfurter SK - OSC Baden Baden"]
[Site "?"]
[Date "2009.11.15"]
[Round "4.8"]
[White "Schuetze, Norman"]
[Black "Schlosser, Philipp"]
[Result "0-1"]
[BlackElo "2555"]
[EventDate "2009.??.??"]
[PlyCount "82"]
[WhiteElo "2278"]

1. e4 c5 2. Nf3 e6 3. d4 cxd4 4. Nxd4 a6 5. Bd3 Bc5 6. Nb3 Be7 7. O-O d6 8. f4 Nc6 9. Qe2 Nf6 10. Nc3 Nd7 11. Kh1 b5 12. Bd2 Bb7 13. a4 b4 14. Na2 a5 15. c3 bxc3 16. Nxc3 O-O 17. Nb5 Nb4 18. Bb1 Qb6 19. N3d4 Rfc8 20. Ra3 Ba6 21. Rg3 g6 22. Bc3 Bf6 23. Nxe6 Bxb5 24. axb5 fxe6 25. Bxf6 Nxf6 26. e5 Ne8 27. Bxg6 hxg6 28. Rxg6+ Ng7 29. Qg4 Qb7 30. Rxe6 Nd3 31. Rxd6 Qe4 32. Qg3 Nxf4 33. h3 Nh5 34. Qg5 Re8 35. e6 Rxe6 36. Rxe6 Qxe6 37. Rd1 Nf6 38. Qc5 Ne4 39. Qd5 Rb8 40. Kg1 Qxd5 41. Rxd5 Ne6  0-1

[Event "BL 0910 SC Remagen - Solinger SG"]
[Site "?"]
[Date "2010.02.05"]
[Round "7.5"]
[White "Jussupow, Artur"]
[Black "Dgebuadze, Alexandre"]
[Result "1/2-1/2"]
[BlackElo "2521"]
[EventDate "2010.??.??"]
[PlyCount "112"]
[WhiteElo "2566"]

1. d4 e6 2. c4 Nf6 3. Nc3 Bb4 4. e3 O-O 5. Ne2 d5 6. a3 Bd6 7. c5 Be7 8. b4 b6 9. Nf4 a5 10. Bd2 axb4 11. axb4 Rxa1 12. Qxa1 bxc5 13. bxc5 Nc6 14. Bb5 Bd7 15. O-O Qa8 16. f3 Rb8 17. Qxa8 Rxa8 18. Nd3 Nd8 19. Rb1 Bxb5 20. Rxb5 Nd7 21. Rb2 c6 22. Ra2 Rxa2 23. Nxa2 e5 24. Nac1 Ne6 25. Nb3 Bf6 26. Bc3 e4 27. Nb4 Ndxc5 28. Nxc5 Nxc5 29. Nxc6 Nd3 30. Bb4 g5 31. Kf1 h5 32. h3 Kg7 33. Ba3 h4 34. Na7 Bd8 35. Nb5 f5 36. Nc3 f4 37. Nxd5 exf3 38. gxf3 fxe3 39. Bd6 Kf7 40. Nxe3 Bb6 41. Nc2 Ke6 42. Bh2 Kd5 43. Ke2 Nc1+ 44. Ke3 Nb3 45. Be5 Kc4 46. Na3+ Kb4 47. Nb1 Kc4 48. Ke4 Bxd4 49. Bd6 Bc5 50. Bxc5 Nxc5+ 51. Kf5 Kd3 52. Kxg5 Ke3 53. Nd2 Kxd2 54. Kxh4 Ke3 55. Kg4 Ne6 56. h4 Nf4  1/2-1/2

[Event "BL 0910 SV Mülheim Nord - SF Katernberg"]
[Site "?"]
[Date "2010.02.05"]
[Round "7.2"]
[White "Landa, Konstantin"]
[Black "Firman, Nazar"]
[Result "1-0"]
[BlackElo "2571"]
[EventDate "2010.??.??"]
[PlyCount "85"]
[WhiteElo "2655"]

1. Nf3 f5 2. g3 g6 3. Bg2 Bg7 4. d4 d6 5. O-O e5 6. dxe5 dxe5 7. Qxd8+ Kxd8 8. e4 Ne7 9. Nc3 Bd7 10. Bg5 Nc6 11. Rad1 Kc8 12. Rfe1 Re8 13. h4 h6 14. Bc1 a5 15. a3 a4 16. Bf1 Ra5 17. Bb5 Rf8 18. Bxa4 f4 19. Rd3 Bg4 20. Nh2 Be6 21. Bb3 Bxb3 22. cxb3 Nd4 23. b4 Ra6 24. Ne2 Nec6 25. Nxd4 Nxd4 26. gxf4 exf4 27. e5 Ne6 28. Bd2 Rc6 29. Bc3 b5 30. Nf3 g5 31. hxg5 hxg5 32. Nh2 Rd8 33. Red1 Rxd3 34. Rxd3 Ra6 35. Rd5 Rb6 36. Kg2 Kb7 37. Kf3 Kc6 38. Rd1 Rb8 39. Ke4 Rf8 40. Ng4 f3 41. Nf6 Nf4 42. Kf5 Rh8 43. e6  1-0

[Event "BL 0910 Turm Emsdetten - SV Mülheim Nor"]
[Site "?"]
[Date "2010.02.07"]
[Round "9.1"]
[White "Vachier-Lagrave, Maxime"]
[Black "Mchedlishvili, Mikheil"]
[Result "1-0"]
[BlackElo "2613"]
[EventDate "2010.??.??"]
[PlyCount "47"]
[WhiteElo "2718"]

1. e4 c6 2. d4 d5 3. e5 Bf5 4. Nd2 e6 5. Nb3 c5 6. dxc5 Bxc5 7. Nxc5 Qa5+ 8. c3 Qxc5 9. Qa4+ Nd7 10. Bb5 Qc7 11. Nf3 Ne7 12. O-O a6 13. Bg5 Ng6 14. Nd4 Nxe5 15. Nxf5 exf5 16. Rfe1 f6 17. Rxe5+ Qxe5 18. Bxd7+ Ke7 19. Bf4 Qe4 20. f3 Qxa4 21. Bxa4 Rhd8 22. Re1+ Kf7 23. Bc7 Rdc8 24. Bb6  1-0

[Event "BL 0910 Turm Emsdetten - SV Mülheim Nor"]
[Site "?"]
[Date "2010.02.07"]
[Round "9.3"]
[White "Fridman, Daniel"]
[Black "Hector, Jonny"]
[Result "1-0"]
[BlackElo "2568"]
[EventDate "2010.??.??"]
[PlyCount "93"]
[WhiteElo "2661"]

1. d4 d5 2. c4 c6 3. Nc3 e5 4. cxd5 cxd5 5. dxe5 d4 6. Ne4 Qa5+ 7. Nd2 Nc6 8. Nf3 Bg4 9. g3 Bxf3 10. exf3 Qxe5+ 11. Qe2 Qxe2+ 12. Bxe2 O-O-O 13. Bc4 Bb4 14. a3 Bxd2+ 15. Bxd2 Ne5 16. Be2 d3 17. Rc1+ Kd7 18. f4 dxe2 19. fxe5 Ne7 20. Kxe2 Nc6 21. Bc3 Ke6 22. f4 g5 23. fxg5 Rhg8 24. h4 h6 25. Rhf1 hxg5 26. Rf6+ Ke7 27. h5 Rd5 28. Rcf1 Nd8 29. h6 g4 30. Rd6 Rb5 31. a4 Rb3 32. Kd3 Ne6 33. Kc4 Rb6 34. Rxb6 Rc8+ 35. Kb5 Rc5+ 36. Kb4 axb6 37. Rh1 Rc8 38. Kb5 Kd7 39. Kxb6 Rc6+ 40. Kb5 Rc5+ 41. Kb4 Rc8 42. h7 Rh8 43. Kb5 Kc7 44. a5 Kc8 45. Kb6 Kb8 46. Rh6 Ka8 47. Rh4  1-0

[Event "BL 0910 SK König Tegel - SG Turm Trier"]
[Site "?"]
[Date "2010.02.28"]
[Round "11.7"]
[White "Seger, Ruediger"]
[Black "Breier, Andreas"]
[Result "1-0"]
[BlackElo "2405"]
[EventDate "2010.??.??"]
[PlyCount "89"]
[WhiteElo "2407"]

1. e4 e6 2. d4 d5 3. Nd2 c5 4. exd5 exd5 5. Ngf3 Nc6 6. Bb5 Bd6 7. dxc5 Bxc5 8. O-O Ne7 9. Nb3 Bd6 10. Bg5 O-O 11. c3 Qc7 12. Re1 a6 13. Be2 h6 14. Bxe7 Nxe7 15. Nbd4 Nc6 16. g3 Bg4 17. Nh4 Bxe2 18. Rxe2 Be5 19. Ndf3 Rad8 20. Nf5 Bf6 21. Rd2 Ne5 22. Nxe5 Qxe5 23. Qf3 Qe4 24. Qxe4 dxe4 25. Rad1 Rde8 26. Rd6 Bg5 27. h4 Bd8 28. Rd7 b5 29. R1d6 a5 30. Rd5 b4 31. cxb4 axb4 32. Rb7 Bf6 33. Rxb4 Rc8 34. Rd2 Rc5 35. Ne3 Re8 36. Rc4 Ra5 37. b3 Ra3 38. Ng4 Ba1 39. Ne3 Rea8 40. Rxe4 Rxa2 41. Rxa2 Rxa2 42. Ra4 Rxa4 43. bxa4 Bc3 44. Nd5 Bd4 45. Ne7+  1-0

[Event "BL 0910 SC Eppingen - Erfurter SK"]
[Site "?"]
[Date "2010.03.21"]
[Round "13.2"]
[White "Postny, Evgeny"]
[Black "Casper, Thomas"]
[Result "1/2-1/2"]
[BlackElo "2395"]
[EventDate "2010.??.??"]
[PlyCount "99"]
[WhiteElo "2651"]

1. d4 Nf6 2. c4 d6 3. Nc3 Nbd7 4. e4 e5 5. d5 Nc5 6. f3 a5 7. Be3 Be7 8. Qd2 O-O 9. O-O-O Ne8 10. g3 f5 11. exf5 Bxf5 12. h4 a4 13. g4 Bd7 14. Be2 Nf6 15. Nh3 e4 16. Rdg1 exf3 17. Bxf3 Bc8 18. Qc2 Qe8 19. Bxc5 dxc5 20. Re1 Bxg4 21. Bxg4 Nxg4 22. Rhg1 h5 23. d6 cxd6 24. Nd5 Ne5 25. Nhf4 Bxh4 26. Ng6 Bg5+ 27. Kb1 Qxg6 28. Ne7+ Bxe7 29. Rxg6 Nxg6 30. Qxg6 Bf6 31. Qxh5 Be5 32. Qh1 Rf7 33. Qd5 Re8 34. Re2 Re7 35. Kc2 g6 36. Rg2 Kg7 37. Qd3 Rf6 38. Qa3 Ref7 39. Qxa4 Rf2+ 40. Rxf2 Rxf2+ 41. Kd3 Rxb2 42. Qd7+ Kh6 43. a4 b6 44. Ke4 Rb4 45. Kd5 Kg5 46. Qe7+ Kf5 47. Qf7+ Kg5 48. Qe7+ Kf5 49. Qh7 Kg5 50. Qe7+  1/2-1/2

[Event "BL 0910 Werder Bremen - Solinger SG"]
[Site "?"]
[Date "2010.04.10"]
[Round "14.3"]
[White "Edouard, Romain"]
[Black "Eljanov, Pavel"]
[Result "0-1"]
[BlackElo "2717"]
[EventDate "2010.??.??"]
[PlyCount "84"]
[WhiteElo "2620"]

1. d4 Nf6 2. c4 e6 3. Nc3 Bb4 4. Qc2 O-O 5. Bg5 h6 6. Bh4 c5 7. e3 cxd4 8. exd4 b6 9. Bd3 Bb7 10. Ne2 Nc6 11. O-O Be7 12. a3 d5 13. Bxf6 Bxf6 14. cxd5 exd5 15. Rad1 g6 16. Bb5 Qd6 17. Qd3 a6 18. Bxc6 Bxc6 19. Qe3 h5 20. Qf4 Rfd8 21. Rfe1 Rac8 22. Qxd6 Rxd6 23. Kf1 Kf8 24. Ng1 Bd7 25. h3 Bg7 26. Nf3 f6 27. Nd2 Bh6 28. Kg1 Bf5 29. Nf1 Bc2 30. Ra1 b5 31. Ne3 Bb3 32. Rac1 Rdc6 33. Ra1 Rd8 34. Rac1 Re8 35. Na2 Rce6 36. Nb4 a5 37. Rc3 Bc4 38. Nbc2 a4 39. Rb1 f5 40. Nxc4 bxc4 41. Kf1 Bd2 42. Rf3 Rb6  0-1

[Event "BL 0910 Werder Bremen - Solinger SG"]
[Site "?"]
[Date "2010.04.10"]
[Round "14.6"]
[White "Nyback, Tomi"]
[Black "Ernst, Sipke"]
[Result "1-0"]
[BlackElo "2589"]
[EventDate "2010.??.??"]
[PlyCount "61"]
[WhiteElo "2615"]

1. d4 Nf6 2. c4 e6 3. Nf3 d5 4. g3 dxc4 5. Bg2 Nc6 6. Qa4 Bb4+ 7. Bd2 Nd5 8. Bxb4 Nxb4 9. Na3 O-O 10. O-O Rb8 11. Qb5 a6 12. Qxc4 b5 13. Qc5 Qd6 14. Rfc1 Rd8 15. Qxd6 cxd6 16. d5 Na5 17. Nd4 Bd7 18. Nac2 Nxc2 19. Rxc2 Rbc8 20. Rxc8 Rxc8 21. Bh3 Rc5 22. dxe6 fxe6 23. Rd1 Nc4 24. b3 Nb2 25. Rb1 Rd5 26. e3 Nd3 27. Bxe6+ Bxe6 28. Nxe6 Nb4 29. a3 Nc2 30. Rc1 Rd2 31. Ng5  1-0

[Event "BL 0910 H.Handschuhsheim - SF Katernber"]
[Site "?"]
[Date "2010.04.10"]
[Round "14.7"]
[White "Hoolt, Sarah"]
[Black "Vatter, Hans-Joachim"]
[Result "1/2-1/2"]
[BlackElo "2321"]
[EventDate "2010.??.??"]
[PlyCount "87"]
[WhiteElo "2225"]

1. e4 c5 2. Nf3 g6 3. d4 Bg7 4. c3 cxd4 5. cxd4 d5 6. e5 Bg4 7. Bb5+ Nc6 8. h3 Bxf3 9. Qxf3 e6 10. Nc3 Qb6 11. Qd3 Ne7 12. Na4 Qc7 13. Bd2 O-O 14. Rc1 a6 15. Bxc6 Nxc6 16. O-O Rfc8 17. h4 b6 18. h5 Qa7 19. b4 Rc7 20. a3 Rac8 21. Rc3 Bf8 22. Rfc1 Nb8 23. Bg5 Qb7 24. R1c2 Rc6 25. Qd2 Rc4 26. Rxc4 Rxc4 27. Rxc4 dxc4 28. Nc3 Nc6 29. Ne4 Ne7 30. Nf6+ Kh8 31. Bh6 Qc8 32. hxg6 fxg6 33. Bxf8 Qxf8 34. d5 Nxd5 35. Nxd5 Qd8 36. Qf4 exd5 37. e6 Qe7 38. Qe5+ Kg8 39. Qxd5 c3 40. Qa8+ Kg7 41. Qc8 c2 42. Qxc2 Qxe6 43. Qc7+ Kh6 44. Qh2+  1/2-1/2

[Event "BL 1011 SK Delmenhorst - Schachfr. Berl"]
[Site "?"]
[Date "2010.10.09"]
[Round "1.2"]
[White "Warakomski, Tomasz"]
[Black "Lauber, Arnd"]
[Result "1-0"]
[BlackElo "2497"]
[EventDate "2010.??.??"]
[PlyCount "113"]
[WhiteElo "2468"]

1. e4 c6 2. d4 d5 3. f3 e6 4. Nc3 Bb4 5. Qd3 b6 6. Ne2 Ba6 7. Qe3 Ne7 8. Bd2 O-O 9. a3 Bxc3 10. Bxc3 Nd7 11. b4 c5 12. dxc5 bxc5 13. bxc5 e5 14. Rd1 d4 15. Nxd4 Bxf1 16. Rxf1 exd4 17. Qxd4 Nf6 18. Qe5 Qe8 19. Rd6 Nc8 20. Qxe8 Rxe8 21. Ra6 Nd5 22. Bd4 Nc7 23. Ra4 f5 24. Kd2 fxe4 25. fxe4 Rxe4 26. Kd3 Re8 27. Rb1 Ne6 28. c3 Ne7 29. Ra6 Nd5 30. Rb7 Ndc7 31. Rc6 Nd5 32. g3 Nf6 33. Ra6 Ne4 34. Kc4 Rac8 35. Rxe6 Rxe6 36. Kd5 Rce8 37. Rxg7+ Kf8 38. Rxa7 Nf6+ 39. Kc4 Rc8 40. a4 Rec6 41. Kb5 Ne4 42. Rxh7 Nxc3+ 43. Kb4 Nd5+ 44. Kc4 Nf6 45. Bxf6 Rxc5+ 46. Kd3 R8c6 47. Be7+ Kg8 48. Bxc5 Kxh7 49. Kc4 Rh6 50. Bg1 Rc6+ 51. Kb5 Rc2 52. a5 Rb2+ 53. Kc6 Rg2 54. Bb6 Rxh2 55. a6 Kg6 56. a7 Rh8 57. Kb7  1-0